000 01138nam a2200205Ia 4500
003 IEPS
005 20250703135248.0
008 250223s9999||||xx |||||||||||||| ||und||
040 _CIEPS
041 _aara
082 _a613.6
100 _aمحمد حسن زكي محمد
245 0 _aالارجونوميكس في المجال الرياضي
245 0 _bالمعارف و المعلومات الخاصة بقانون العمل البدني
260 _aالاسكندرية
_bالمكتبة المصرية للطباعة و النشر و التوزيع
_c2004
300 _a276 ص.
_bمخططات، رسوم
_c24 سم.
520 _aعلم الارجونوميكس هو ناحية تطبيقية بحتة للمعلومات العلمية على الناس ،شمل تاريخ و أراء حول هذا العلم ،كما عرض الارجونوميكس البدني و أهميته للسلامة و الصحة مع النظر إلى العوامل التشريعية ، الوظيفية المؤثرة في الارجونوميكس و قدم بعض برامجه.
653 _aالارجونوميكس
942 _cكتاب
999 _c11630
_d11630